=LDR 00000nam 2200000 4500 =001 INLIS000000000024613 =005 20130612123204 =008 ***********************************Ind** =035 ##$$0010-061300000024613 =041 ##$$a Ind =082 ##$$a 371.27 =090 ##$$a 371.27, Pep e =100 ##$$a Popham, james =245 ##$$a Evaluasi pengajaran, James Popham =260 ##$$a 1986 $b Yogyakarta =300 ##$$a 155 hlm, 21 cm =650 ##$$a Evaluasi pengajaran =850 ##$$a NBPNMAT